Catalog

Record Details

Catalog Search



Available copies

  • 1 of 1 copy available at LARL/NWRL Consortium.

Current holds

0 current holds with 1 total copy.

Show Only Available Copies
Location Call Number / Copy Notes Barcode Shelving Location Status Due Date
Hallock Public Library 236 NOU (Text) 35500001422839 Main Available -

Record details

  • ISBN: 0060663278 :
  • Physical Description: 96 p. ; 20 cm.
  • Edition: 1st ed.
  • Publisher: San Francisco : Harper & Row, c1982.
Subject: Death > Religious aspects > Catholic Church.
Paschal mystery
Catholic Church > Controversial literature > Catholic authors.
Catholic Church > Doctrines > Catholic authors.
LDR 00902cam a2200253 a 4500
0017516
003LARL_NWRL_CONSORTIUM
008820216s1982 cau 000 0 eng
010 . ‡a81048212
020 . ‡a0060663278 : ‡c$6.95
035 . ‡a(OCoLC)8221426
040 . ‡aDLC ‡cDLC ‡dLAL
0820 . ‡a236/.1 ‡219
092 . ‡a236.1 ‡bNou
1001 . ‡aNouwen, Henri J. M. ‡0(LARL_NWRL_CONSORTIUM)63216
24512. ‡aA letter of consolation / ‡cHenri J.M. Nouwen.
250 . ‡a1st ed.
260 . ‡aSan Francisco : ‡bHarper & Row, ‡cc1982.
300 . ‡a96 p. ; ‡c20 cm.
650 0. ‡aDeath ‡xReligious aspects ‡xCatholic Church. ‡0(LARL_NWRL_CONSORTIUM)164552
650 0. ‡aPaschal mystery ‡0(LARL_NWRL_CONSORTIUM)27678
61020. ‡aCatholic Church ‡xControversial literature ‡xCatholic authors.
61020. ‡aCatholic Church ‡xDoctrines ‡xCatholic authors.
901 . ‡a7516 ‡bOCLC ‡c7516 ‡tbiblio

Additional Resources